000 00335nam a2200121Ia 4500
008 220204s9999 xx 000 0 und d
082 _aNR:016TPD
_bRRI.1
100 _aJose, M
245 0 _aTapping panel dryness: Annotated bibliography. Full Articles. Pt.1.1-99
260 _aKottayam
_bRRII
_c2005
700 _aLatha, N
942 _cBK
999 _c44296
_d44296